5HLuxD.jpg

KING HENRY VIII SENIOR AND PRIMARY SCHOOL LIBRARY OPAC

Fudge-a-Mania (Record no. 3878)

000 -LEADER
fixed length control field 00663nam a22001937a 4500
005 - DATE AND TIME OF LATEST TRANSACTION
control field 20241115134844.0
008 - FIXED-LENGTH DATA ELEMENTS--GENERAL INFORMATION
fixed length control field 241115b ||||| |||| 00| 0 eng d
020 ## - INTERNATIONAL STANDARD BOOK NUMBER
International Standard Book Number 9781447262916
040 ## - CATALOGING SOURCE
Transcribing agency KH8
082 ## - DEWEY DECIMAL CLASSIFICATION NUMBER
Classification number FIC BLU
100 ## - MAIN ENTRY--PERSONAL NAME
Personal name Blume, Judy
Relator term Author
245 ## - TITLE STATEMENT
Title Fudge-a-Mania
Statement of responsibility, etc. Judy Blume
260 ## - PUBLICATION, DISTRIBUTION, ETC.
Place of publication, distribution, etc. London, UK,
Name of publisher, distributor, etc. Macmillan Children's,
Date of publication, distribution, etc. 2014
300 ## - PHYSICAL DESCRIPTION
Extent 300 p. ;
Other physical details 20 cm.
440 ## - SERIES STATEMENT/ADDED ENTRY--TITLE
Title Fudge
520 ## - SUMMARY, ETC.
Summary, etc. The fourth great adventure in Judy Blume's hugely successful and hilarious younger fiction series, starring Fudge and his friends. With charming cover art from picture book star Emily Gravett.
650 ## - SUBJECT ADDED ENTRY--TOPICAL TERM
Topical term or geographic name entry element Fiction
942 ## - ADDED ENTRY ELEMENTS (KOHA)
Source of classification or shelving scheme
Koha item type Books - Fiction
Holdings
Withdrawn status Lost status Source of classification or shelving scheme Damaged status Not for loan Collection code Permanent Location Current Location Shelving location Date acquired Total Checkouts Full call number Barcode Date last seen Date last checked out Price effective from Koha item type
          Fiction KH8 Primary School Library KH8 Primary School Library Fiction 2024-11-15 2 FIC BLU KHPL000004582 2026-01-28 2025-05-14 2024-11-15 Books - Fiction

Powered By KH8 IT Dept